| 000 | 00534nam a22001937a 4500 | ||
|---|---|---|---|
| 003 | KOHA_MİRAKIL | ||
| 005 | 20251116140225.0 | ||
| 008 | 251116b tu ||||| |||| 00| 0 tur d | ||
| 020 | _a9789752679313 | ||
| 040 |
_aTR-AnABB _btur _cTR-AnABB |
||
| 041 | _atur | ||
| 082 |
_a813.42 _bTAH 2014 |
||
| 100 | 1 | _aTahir-ül Mevlevi, | |
| 245 | 1 | 0 |
_aTeşebbüs-i şahsi / _cTahir-ül Mevlevi |
| 260 |
_aAnkara : _bKurgan Edebiyat, _c2014 |
||
| 300 |
_a180 sayfa ; _c21 cm |
||
| 650 | 0 | 4 | _aTürk edebiyatı, roman |
| 942 |
_2ddc _cBK |
||
| 999 |
_c9425 _d9425 |
||
| 900 | _bGizem YORULMAZ | ||